| 000 | 00396 a2200121 4500 | ||
|---|---|---|---|
| 001 | ART_11632 | ||
| 005 | 20260410161858.0 | ||
| 008 | 260409a | ||
| 245 | 1 | 0 | _aThe role of information in designing social policy towards externalities |
| 100 | 1 | _aOrdover, Janusz A. | |
| 700 | 1 | _aWillig, R.D. | |
| 773 | 0 |
_tJournal of public economics _g- Vol. 12, NÂș 3 (dic. 1979) _wREV11485 |
|
| 999 |
_c25685 _d25685 |
||